Quizz coupe de france - Statistiques

Statistiques générales
  • Ce quiz a été pris 50 fois
  • Le résultat moyen est 5 sur 10
Statistiques - réponses
Question Réponse % Correct
Dans quel stade se joue la finale Stade de France
95%
Quel club détient le record de victoires en coupe de France ? PSG
88%
Qui organise la Coupe de France ? FFF
81%
A partir de quel tour les clubs de Ligue 1 entrent-ils ? 32e de finale
64%
En quelle année à eu lieu la première édition ? 1917
48%
Quel est le surnom de la coupe de France La vielle dame
40%
Quel est la pire division comptant un club victorieux de la coupe de France ? Ligue 2
40%
Combien d'équipes participent ? 7000
17%
Score le plus large en finale ? 5-0
14%
Quel club a gagné la première coupe de france ? L'Olympique
14%
Aucun quiz correspondant
Distribution des résultats
% des personnes avec chaque résultat
Percentile par nombre de réponses
Votre historique - résultats
Vous n’avez pas pris ce quiz